Normal view MARC view
  • Cometas (Aeronáutica)

Entry Materia

Number of records used in: 3

001 - NÚMERO DE CONTROL DEL REGISTRO

  • campo de control: 23263

003 - IDENTIFICADOR DE NUMERO DE CONTROL

  • campo de control: MX-MxUPN

005 - FECHA Y HORA DE LA ÚLTIMA TRANSACCIÓN

  • campo de control: 20240320152813.0

008 - DATOS DE LONGITUD FIJA

  • campo de control de longitud fija: 240320nn fnnnnbabb n ana |d

035 ## - NÚMERO DE CONTROL DEL SISTEMA

  • Número de control del sistema: UPN10000023272

040 ## - FUENTE DE LA CATALOGACIÓN

  • Lengua de catalogación: spa
  • Centro catalogador de origen: MX-MxUPN

053 #4 - NÚMERO CLASIFICADOR - BIBLIOTECA DEL CONGRESO (LC)

  • Elemento numérico de la clasificación - Número único o no. inicial del rango: TL759.5

150 ## - ENCABEZAMIENTO - TEMÁTICO

  • Término de materia o nombre geográfico como elemento inicial: Cometas (Aeronáutica)
  • Subdivisión de forma: Literatura infantil

450 ## - VÉASE - MATERIA

  • Término temático a continuación de un nombre geográfico: Papalotes
  • Subdivisión de forma: Literatura infantil

450 ## - VÉASE - MATERIA

  • Encabezamiento temático: Volantines (Juguete)
  • Subdivisión de forma: Literatura infantil

450 ## - VÉASE - MATERIA

  • Encabezamiento temático: Culebrinas
  • Subdivisión de forma: Literatura infantil

670 ## - FUENTE EN LA QUE SE LOCALIZARON DATOS

  • Cita de la fuente: LEMB, 1998 :
  • Información localizada: (Cometas (Aeronáutica))

670 ## - FUENTE EN LA QUE SE LOCALIZARON DATOS

  • Cita de la fuente: Autoridades LIBRUNAM, 20 marzo 2024 :
  • Información localizada: (Cometas (Aeronáutica)

670 ## - FUENTE EN LA QUE SE LOCALIZARON DATOS

  • Cita de la fuente: Autoridades BGTQ, 20 marzo 2024 :
  • Información localizada: subdivisión de forma (Literatura infantil)

902 ## - CATALOGADOR

  • Catalogador: MCM/260914
  • Catalogador: VíctorGodínez/200324